| 000 | 00971cam a22002411 4500 | ||
|---|---|---|---|
| 001 | 81659 | ||
| 003 | BD-RjUL | ||
| 005 | 20230809130857.0 | ||
| 008 | 230808s1953 nyu 000 0 ara | ||
| 035 | _a(BD-RjUL)81659 | ||
| 040 |
_aDLC _cMeU-P _dFTaSU _dDLC _bara |
||
| 041 | _aara | ||
| 082 |
_a947.084 _bPES 1953 |
||
| 100 | 1 |
_aPetrov, Vladimir, _d1915-1999. _98263 |
|
| 245 | 1 | 0 |
_a;فتاة و ذهب Soviet gold _bmy life as a slave laborer in the Siberian mines./ _cTranslated from the Russian by Mirra Ginsburg.نقله الي العربية نجاتي صديقيTranslated into Arabic by Najati |
| 260 |
_aNew York: _bFarrar, Straus , _c1953 |
||
| 300 |
_aviii, 129 p. _bmap. _c22 cm. |
||
| 600 | 1 | 0 |
_aPetrov, Vladimir, _d1915-1999. _98263 |
| 650 | 0 |
_aGold _xMines and mining _zRussia (Federation) _zSiberia. _98264 |
|
| 650 | 0 |
_aPenal colonies _zRussia (Federation) _zSiberia. _98265 |
|
| 650 | 0 |
_aConvict labor _zRussia (Federation) _zSiberia. _98266 |
|
| 942 |
_2ddc _cBK |
||
| 999 |
_c81659 _d81659 |
||